Представление документа в формате RUSMARC

ПолеНазваниеЗначение
  Тип записи a
  Библиографический уровень m
001 Контрольный номер f0651ffeb8bb44a5ac7051d4752bcd15
005 Дата корректировки 20150422142134.7
010 Индекс ISBN __
a ISBN 978-5-9916-4834-9
101 Язык документа 0_
a Язык текста rus
102 Страна публикации __
a Страна публикации RU
200 Заглавие и сведения об ответственности 1_
a Заглавие Мировая экономика и международные экономические отношения
b Общее обозначение материала Текст
e Сведения, относящиеся к заглавию учебник для бакалавриата
f Первые сведения об ответственности под ред. Р.К. Щенина, В.В. Полякова
210 Выходные данные 1_
a Место издания Москва
c Издательство Издательство Юрайт
d Дата издания 2015
215 Физическое описание __
a Объем 446 с.
225 Серия 2_
a Серия Бакалавр. Академический курс
610 Ключевые слова 0_
a Ключевые слова Мировая экономика
686 Индексы других классификаций __
a Классификационный индекс 65.5
801 Источник записи _0
a Страна RU
b Организация РУК
g Правила каталогизации PSBO
801 Источник записи _1
a Страна RU
b Организация РУК
g Правила каталогизации PSBO
852 Данные о местонахождении __
i Авторский знак М 63
j Шифр хранения 65.5
901 Тип документа __
t Тип документа m
937 Технологическая информация __
a Создатель записи (имя) Ивашова
938 Служебная информация __
a Название организации Ивановский филиал
952 Тип литературы __
c Вид литературы учебник